000 00652nam a2200265Ia 4500
005 20260121170954.0
008 008 260114s9999 xx 000 0 eng d
020 _a9783658248352
037 _aEBOOK
040 _aCRL
040 _beng
040 _cCRL
041 _2eng
041 _aeng
084 _qCRL
100 _aPatricia Dörr
_91070449
245 4 _aThe Impact of Monetary Policy on Economic Inequality
260 _bSpringer
260 _bSpringer
260 _c2018
856 _uhttps://link.springer.com/openurl?genre=book&isbn=978-3-658-24835-2
942 _cEBOOK
999 _c1636179
_d1636179